|
|
|
|
| LEADER |
01023nam a2200289 a 4500 |
| 001 |
5583 |
| 003 |
BD-DhAAL |
| 005 |
20150609105859.0 |
| 008 |
150609s1987 enka b 000 0 eng |
| 010 |
|
|
|a 88132422
|
| 020 |
|
|
|a 0194370968 (pbk.)
|
| 040 |
|
|
|a DLC
|c DLC
|d DLC
|d BD-DhAAL
|
| 050 |
0 |
0 |
|a PE1128.A2
|b N58 1987
|
| 082 |
0 |
0 |
|a 428/.007
|2 19
|
| 100 |
1 |
|
|a Nolasco, Rob.
|9 11830
|
| 245 |
1 |
0 |
|a Conversation /
|c Rob Nolasco & Lois Arthur.
|
| 260 |
|
|
|a Oxford ;
|a New York :
|b Oxford University Press,
|c 1987.
|
| 300 |
|
|
|a 148 p. :
|b ill. ;
|c 25 cm.
|
| 490 |
|
|
|a Resource books for teachers
|
| 504 |
|
|
|a Bibliography: p. 145-148.
|
| 541 |
|
|
|e 5583
|
| 650 |
|
0 |
|a English language
|x Study and teaching
|x Foreign speakers.
|9 5754
|
| 650 |
|
0 |
|a English language
|x Spoken English
|x Study and teaching.
|9 11831
|
| 700 |
1 |
|
|a Arthur, Lois.
|9 11832
|
| 942 |
|
|
|2 ddc
|c BK
|
| 999 |
|
|
|c 34660
|d 34660
|
| 952 |
|
|
|0 0
|1 0
|2 ddc
|4 0
|6 428_007000000000000_NOL
|7 0
|9 54174
|a SCL
|b SCL
|c GEN
|d 2015-06-09
|l 0
|o 428.007 NOL
|p 3020005583
|r 2015-06-09
|t 1
|w 2015-06-09
|y BK
|